Statistiques concernant đŸŽ¶ Paroles "Novembre" Suzane

Cliquez ici pour prendre le quiz!

Statistiques générales

  • Ce quiz a Ă©tĂ© pris 13 fois
  • Le rĂ©sultat moyen est 126 sur 175

Statistiques - réponses

Mots% Correct
c'
100%
C'
100%
est
100%
est-
100%
j'
100%
J'
100%
Qu'
100%
qu'
100%
a
88%
Ă 
88%
ai
88%
ce
88%
coeurs
88%
d'
88%
de
88%
Des
88%
des
88%
Elle
88%
elle
88%
L'
88%
l'
88%
la
88%
le
88%
n'
88%
nos
88%
Nos
88%
Novembre
88%
pas
88%
Pour
88%
que
88%
Se
88%
se
88%
sur
88%
belle
75%
dans
75%
et
75%
froid
75%
Hier
75%
hier
75%
les
75%
mais
75%
OĂč
75%
peur
75%
sous
75%
unisson
75%
airs
63%
airs,
63%
brouillard
63%
couleurs
63%
dame
63%
Dame
63%
déposé
63%
fer
63%
fleurs
63%
grands
63%
lumiĂšre
63%
Mon
63%
plus
63%
remettent
63%
ses
63%
Ses
63%
toutes
63%
ville
63%
amour
50%
aussi
50%
beaux
50%
blanches
50%
blanches,
50%
bleues,
50%
Chez
50%
comme
50%
musique
50%
roses
50%
rouges
50%
seul
50%
taise
50%
terreur
50%
vieille
50%
béton
38%
bouquet
38%
coma
38%
fait
38%
paix
38%
pleurent
38%
séchées
38%
silence
38%
anti
25%
bouclier
25%
classiques
25%
courbée
25%
courtiser
25%
crier
25%
douleur
25%
heures
25%
venais
25%
Désarmé
13%
guerriers
13%
hurle
13%

Distribution des résultats

Percentile par nombre de réponses

% des personnes avec chaque résultat

Votre développement - résultats

Vous n’avez pas pris ce quiz